| 000 | 01862nam a22001937a 4500 | ||
|---|---|---|---|
| 008 | 250521b |||||||| |||| 00| 0 eng d | ||
| 020 | _a9798217045792 | ||
| 040 | _ctbs | ||
| 041 | _aeng | ||
| 050 |
_aBF637.C45 _bF557 2025 |
||
| 100 |
_aFisher, Jefferson _925276 _eauthor |
||
| 245 |
_aThe next conversation _b: argue less, talk more _c/ Jefferson Fisher. |
||
| 260 |
_aNew York, NY : _bTarcherPerigee, _c2025. |
||
| 300 |
_a292 pages : _billustrations, tables, charts (black and white) ; _c23cm. |
||
| 520 | _aNo matter who you're talking to, The Next Conversation gives you immediately actionable strategies and phrases that will forever change how you communicate. Jefferson Fisher, trial lawyer and one of the leading voices on real-world communication, offers a tried-and-true framework that will show you how to transform your life and your relationships by improving your next conversation. Fisher has gained millions of followers through short, simple, practical videos teaching people how to argue less and talk more. Whether it's handling a heated conversation, dealing with a difficult personality, or standing your ground with confidence, his down-to-earth teachings have helped countless people navigate life's toughest situations. Now for the first time, Fisher has distilled his three-part communication system (Say it with control, Say it with confidence, Say it to connect), which can easily be applied to any situation. The Next Conversation will give you practical phrases that will lead to powerful results, from breaking down defensiveness in a hard talk with a family member to finding your own assertive voice in the boardroom. Everything you want to say, and how you want to say it, can be found in The Next Conversation. | ||
| 650 | 0 |
_aInterpersonal communication _95568 |
|
| 650 | 0 |
_aInterpersonal relations _91674 |
|
| 942 | _2lcc | ||
| 999 |
_c4685 _d4685 |
||